000 00311pam a2200133a 44500
008 230405s2005 xxu||||| |||| 00| 0 eng d
041 _aENG
100 _aNANDA S / NANDA A
245 _aCOSMETIC TECHNOLOGY
250 _a1
260 _a
_bBIRLA PUBLICATION NEW DELHI
_c2005
300 _a479
906 _a5009
999 _c280280
_d280280